Pattern classification and scene analysis (Record no. 25560)

MARC details
000 -LEADER
fixed length control field 00318nam a2200121Ia 4500
082 ## - DEWEY DECIMAL CLASSIFICATION NUMBER
Classification number 519.2
Item number DUD
100 ## - MAIN ENTRY--AUTHOR NAME
Personal name Duda, Richard O
245 #0 - TITLE STATEMENT
Title Pattern classification and scene analysis
260 ## - PUBLICATION, DISTRIBUTION, ETC. (IMPRINT)
Place of publication New York
Name of publisher John Wiley
Year of publication 1973
700 ## - ADDED ENTRY--PERSONAL NAME
Personal name Hart, Peter E
942 ## - ADDED ENTRY ELEMENTS (KOHA)
Koha item type Books
Holdings
Withdrawn status Lost status Damaged status Not for loan Home library Current library Date acquired Cost, normal purchase price Full call number Accession Number Koha item type
        RRII Library RRII Library 16/12/2021 29.00 519.2 DUD 06216 Books